Paramore: Albums by Cover - Statistics

General Stats
  • This quiz has been taken 24 times
  • The average score is 5 of 6
Answer Stats
Picture Hint Answer % Correct
2007 Riot!
100%
2013 Paramore
95%
2009 Brand New Eyes
90%
2017 After Laughter
85%
2005 All We Know Is Falling
80%
2023 This Is Why
80%
No matching quizzes found
Score Distribution
Percent of People with Each Score
Percentile by Number Answered
Your Score History
You have not taken this quiz